000 00899cam a2200253 a 4500
001 2030420
003 GBCCL
005 20241126110418.0
008 920226s1992 cau b 000 0 eng
010 _a 92005439
020 _a0830715339
040 _aDLC
_cDLC
_dDLC
050 0 0 _aBV652.1
_b.B363 1992
082 0 0 _a253
_220
_bBAR
100 1 _aBarna, George.
_91012
245 1 4 _aThe power of vision :
_bhow you can capture and apply God's vision for your ministry /
_cGeorge Barna.
260 _aVentura, Calif. :
_bRegal Books,
_cc1992.
300 _a184 p. ;
_c23 cm.
504 _aIncludes bibliographical references (p. [183]-184).
650 0 _aChristian leadership.
_91568
906 _a7
_bcbc
_corignew
_d1
_eocip
_f19
_gy-gencatlg
942 _2ddc
_cBK
_07
999 _c2137
_d2137